• AIU
  • Tony Wilmot Memorial Library

Zooz o joowo : (Record no. 40164)

MARC details
000 -LEADER
fixed length control field 00785nam a22002291a 4500
003 - CONTROL NUMBER IDENTIFIER
control field OSt
005 - DATE AND TIME OF LATEST TRANSACTION
control field 20110718133203.0
008 - FIXED-LENGTH DATA ELEMENTS--GENERAL INFORMATION
fixed length control field 091005s1996 ilu 001 0 eng d
020 ## - INTERNATIONAL STANDARD BOOK NUMBER
Terms of availability 0.00
040 ## - CATALOGING SOURCE
Original cataloging agency NEGST Library - Kenya
Language of cataloging DLC
Transcribing agency DLC
Modifying agency DLC
050 #4 - LIBRARY OF CONGRESS CALL NUMBER
Classification number REF BS 325.M84 1996
100 1# - MAIN ENTRY--PERSONAL NAME
Personal name Bible League (South Holland, Ill.)
9 (RLIN) 8054
245 10 - TITLE STATEMENT
Title Zooz o joowo :
Remainder of title Murle: Genesis and the New Testament in the Murle language of Sudan
260 ## - PUBLICATION, DISTRIBUTION, ETC. (IMPRINT)
Place of publication, distribution, etc South Holland, IL :
Name of publisher, distributor, etc Bible League,
Date of publication, distribution, etc 1996.
300 ## - PHYSICAL DESCRIPTION
Extent 730 p. : ill., m.
500 ## - GENERAL NOTE
General note Maps on end papers. [Africana]
600 10 - SUBJECT ADDED ENTRY--PERSONAL NAME
Personal name Bible. N.T. Murle. 1996.
9 (RLIN) 8055
600 10 - SUBJECT ADDED ENTRY--PERSONAL NAME
Personal name Bible. Genesis. Murle. 1996.
9 (RLIN) 8056
600 10 - SUBJECT ADDED ENTRY--PERSONAL NAME
Personal name Murle language - Texts.
9 (RLIN) 8057
942 ## - ADDED ENTRY ELEMENTS (KOHA)
Source of classification or shelving scheme Library of Congress Classification
Koha item type Books
Holdings
Withdrawn status Lost status Source of classification or shelving scheme Damaged status Not for loan Collection code Home library Current library Shelving location Date acquired Source of acquisition Cost, normal purchase price Full call number Barcode Date last seen Copy number Price effective from Koha item type Coded location qualifier
    Library of Congress Classification     Reference AIU/NEGST - Tony Wilmot Memorial Library AIU/NEGST - Tony Wilmot Memorial Library Reference 10/05/2009 donation 4.50 REF BS 325.M84 1996 R41732F3232 09/26/2019 1 10/05/2009 Africana collection ( Reference)  
    Library of Congress Classification     Special Collection AIU/NEGST - Tony Wilmot Memorial Library AIU/NEGST - Tony Wilmot Memorial Library Special Collection 06/21/2016 Donation-SIL Sudan Library 35.00 S BS 325.M84 1996 R35355A3232 09/26/2019 2 09/12/2017 Africana Collection (Special) Donation